|
|
|
|
| LEADER |
01271nam a2200385 a 4500 |
| 001 |
000564011 |
| 003 |
CZ BrMZK |
| 005 |
20101206110634.0 |
| 007 |
ta |
| 008 |
010907s2001 xr e bcze d |
| 015 |
|
|
|a cnb001003812
|
| 020 |
|
|
|a 80-7243-113-7
|
| 035 |
|
|
|a (OCoLC)50346820
|
| 040 |
|
|
|a BOA001
|b cze
|
| 043 |
|
|
|a e-xr---
|
| 045 |
|
|
|a x2x8
|
| 072 |
|
7 |
|a 791/793
|x Divadlo, film, tanec (obecně)
|2 Konspekt
|9 3
|
| 072 |
|
7 |
|a 929
|x Biografie
|2 Konspekt
|9 8
|
| 080 |
|
|
|a 929
|2 MRF
|
| 080 |
|
|
|a 791/792.071.2-055.2
|2 MRF
|
| 080 |
|
|
|a (437.3)
|2 MRF
|
| 080 |
|
|
|a (092)
|2 MRF
|
| 100 |
1 |
|
|a Černý, Jindřich,
|d 1930-2020
|7 jk01021565
|4 aut
|
| 245 |
1 |
0 |
|a Dana Medřická /
|c Jindřich Černý
|
| 250 |
|
|
|a Vyd. 4., rozš. a přeprac., V nakl. Brána 3.
|
| 260 |
|
|
|a Praha :
|b Brána,
|c 2001
|
| 300 |
|
|
|a 198 s., [40] s. obr. příl. ;
|c 21 cm
|
| 600 |
1 |
7 |
|a Medřická, Dana,
|d 1920-1983
|7 jn20000401769
|2 czenas
|
| 648 |
|
4 |
|a 1920-1983
|
| 650 |
0 |
7 |
|a herečky
|7 ph120685
|z Česko
|y 20. stol.
|2 czenas
|
| 655 |
|
7 |
|a biografie
|7 fd131909
|2 czenas
|
| 700 |
1 |
|
|a Medřická, Dana,
|d 1920-1983
|7 jn20000401769
|4 hnr
|
| 910 |
|
|
|a BOA001
|b 2-1089.438
|
| 990 |
|
|
|a BK
|
| 996 |
6 |
|
|b 2610141387
|c 2-1089.438
|l MZK
|r Sklad / do 1 hodiny
|n 0
|p p.v.
|w 000564011
|u 000010
|a 1
|e BOA001
|j MZK50
|s P
|